| 000 | 01331nam a2200385 i 4500 | ||
|---|---|---|---|
| 001 | 197049 | ||
| 003 | ES-MaACL | ||
| 005 | 20250825062748.0 | ||
| 007 | ta | ||
| 008 | 080519s2007 sp f |||| |bspa d | ||
| 020 | _a9788499071008 | ||
| 040 |
_aES-MaACL _cES-MaACL _bspa |
||
| 080 | _a929 Kent, Victoria | ||
| 080 | _a32 Kent, Victoria | ||
| 100 | 1 |
_aVillena, Miguel Ángel _9137794 |
|
| 245 | 1 | 0 |
_aVictoria Kent : _buna pasión republicana / _cMiguel Ángel Villena ; prólogo de Carmen Alborch. |
| 250 | _a1ª ed. | ||
| 260 |
_aBarcelona : _bDebate, _c2007. |
||
| 300 |
_a281 p., [16 ] p. de lám. col. ; _c24 cm. |
||
| 336 |
_2rdacontent _aTexto |
||
| 337 |
_2rdamedia _asin mediación |
||
| 338 |
_2rdacarrier _avolumen |
||
| 490 | 1 | _aDebate historias | |
| 500 | _aCronología: p.247-259. | ||
| 504 | _aBibliografía. | ||
| 600 | 1 | 4 |
_aKent, Victoria, _d1891-1987 _967865 |
| 655 | 0 |
_aBiografías _9176647 |
|
| 700 | 1 |
_aAlborch, Carmen, _d1947-2018 _9145969 |
|
| 830 | 1 |
_aDebate historias _9185384 |
|
| 852 |
_aES-MaACL _jN-9030 _cDEPOJ _9204895 _gDedicatoria autógrafo del autor _hDonación: Manuel Villena |
||
| 903 |
_9137794 _aVillena, Miguel Ángel _ednr |
||
| 942 |
_cMONOGRAFIA _n0 |
||
| 999 |
_c197049 _d197049 |
||